Educación moral y cívica 3 : (Registro nro. 10304)

Detalles MARC
000 -LIDER
fixed length control field 01160nam a2200313 a 4500
001 - NÚMERO DE CONTROL
Identificador de número de control 0000397
003 - IDENTIFICACDOR DE NÚMERO DE CONTROL
control field DO-SdBNP
005 - DATE AND TIME OF LATEST TRANSACTION
control field 20180307134056.0
007 - CAMPOS FIJOS DE DESCRIPCIÓN FÍSICA
fixed length control field 0000397
008 - ELEMENTOS DE LONGITUD FIJA
fixed length control field 091125s200u dr a 000 0 spa d
020 ## - ISBN
International Standard Book Number 9945400274
040 ## - FUENTE DE CATALOGACIÓN
Agencia que crea de manera original el registro BPMSU
Idioma de catalogación spa
Agencia que realiza la transcripción BPMSU
092 ## - LOCALLY ASSIGNED DEWEY DECIMAL CALL NUMBER
Número de clasificación 373.832
Número de ítem (Cutter) H519e 1ro. [20--]
100 1# - ASIENTO PRINCIPAL -- NOMBRE PERSONAL
Nombre personal Henríquez Paulino, Eudy
245 10 - MENCIÓN DE TITULO
Título Educación moral y cívica 3 :
Subtítulo educación media /
Mención de responsabilidad Eudy Henríquez Paulino
260 ## - PUBLICACIÓN, DISTRIBUCIÓN, ETC. (PIE DE IMPRENTA)
Lugar de publicación, distribución, etc Santo Domingo :
Nombre del editor, distribuidor, etc. Actualidad Escolar 2000,
Fecha de publicación, distribución, etc [200-].
300 ## - DESCRIPCIÓN FÍSICA
Extensión 120 p. :
Otros detalles físicos il. ;
Dimensiones 27 cm.
500 ## - NOTA GENERAL
Nota general Primer grado-Segundo ciclo-Educación media
505 0# - NOTA DE CONTENIDO
Título Principios: soberanía del pueblo --
-- El estado dominicano --
-- Relación de convivencia entre el centro educativo y la comunidad.
650 #4 - ENCABEZAMIENTO DE MATERIA--TEMÁTICO
Término temático o nombre geográfico como elemento de entrada CÍVICA
Subdivisión temática general ENSEÑANZA SECUNDARIA
650 #4 - ENCABEZAMIENTO DE MATERIA--TEMÁTICO
Término temático o nombre geográfico como elemento de entrada CÍVICA
Subdivisión temática general EDUCACIÓN SECUNDARIA
650 #4 - ENCABEZAMIENTO DE MATERIA--TEMÁTICO
Término temático o nombre geográfico como elemento de entrada EDUCACIÓN SECUNDARIA
Subdivisión geográfica REPÚBLICA DOMINICANA
650 #4 - ENCABEZAMIENTO DE MATERIA--TEMÁTICO
Término temático o nombre geográfico como elemento de entrada CÍVICA
Subdivisión temática general ESTUDIOS Y EJERCICIOS
650 #4 - ENCABEZAMIENTO DE MATERIA--TEMÁTICO
Término temático o nombre geográfico como elemento de entrada CÍVICA
Subdivisión temática general LIBROS DE TEXTOS
910 ## - VALIDACIÓN
Validación Validado. Control de calidad MFF
942 ## - ADDED ENTRY ELEMENTS (KOHA)
Source of classification or shelving scheme Dewey Decimal Classification
Koha item type Libros
945 ## - INFORMACIÓN DE PROCESAMIENTO LOCAL
Información de procesamiento local Remanejado para la BNPHU / 2018 VM
956 ## - LOCAL ELECTRONIC LOCATION AND ACCESS (OCLC)
Nombre de host Yngrid Lockward
Número de acceso 10
Existencias
Withdrawn status Lost status Source of classification or shelving scheme Damaged status Not for loan Collection code Home library Current library Date acquired Source of acquisition Total Checkouts Full call number Barcode Date last seen Price effective from Koha item type
    Dewey Decimal Classification     Colección Escolar Biblioteca Pública Metropolitana Salomé Ureña Biblioteca Pública Metropolitana Salomé Ureña 06/08/2016 Donación   373.832 H519e 1ro. [20--] BPMSU16060093 06/08/2016 06/08/2016 Libros